000
00338nam a2200157Ia 4500
001
32092
003
IN-NITTTR
005
20251114233427.0
008
251113s9999||||xx |||||||||||||| ||eng||
040
_b
eng
040
_c
IN-NITTTR
041
_a
eng
082
_a
004.16 A14M
245
4
_a
The 8051 Microcontroller /
942
_2
ddc
_c
BK
999
_c
34722
_d
34722